TVD-The vampire diaries quiz - Statistics

General Stats
  • This quiz has been taken 4,894 times
  • The average score is 12 of 15
Answer Stats
Question Answer % Correct
Who played Damon Salvatore Ian Somerhalder
98%
Who turned the Salvatore brothers? Katherine
98%
Which town does this all take place in Mystic Falls
97%
Who is Lexi friends with? Stefan
96%
Who kills Lexi? Damon
94%
Why does Lexi come to Mystic Falls? To celebrate Stefan's birthday
94%
Who did Elena meet first? Damon
92%
Who saves Elena from the car crash with her parents? Stefan
92%
Who does Caroline date/make out with Damon,Matt,Tyler,Klaus,Stefan
89%
Which episode does Stefan die? 8x16
85%
Why does Damon come back to Mystic Falls? To save Katherine from the tomb
80%
Which episode did Elena complete her transition to a vampire? 4x01
63%
Which episode did Elena break up with Stefan 4x06
55%
Which episode did Damon nearly die from a werewolf bite? 2x22
50%
Which episode did Elena get with Damon? 4x07
47%
No matching quizzes found
Score Distribution
Percent of People with Each Score
Percentile by Number Answered
Your Score History
You have not taken this quiz